| 000 | 00432 a2200157 4500 | ||
|---|---|---|---|
| 999 |
_c8592 _d8592 |
||
| 020 | _a9780908308811 | ||
| 050 | _aPL 8842.Z3 SIB | ||
| 100 |
_aSibanda, J.G _eauhor |
||
| 245 |
_aInyathelo 1: _bUgwalo 1/ _cJ.G Sibanda lol. N. Mpofu |
||
| 264 |
_aHarare: _bLongman, _c1989 |
||
| 300 |
_a32p.: _bill. ( col.) |
||
| 500 | _a--- | ||
| 650 |
_aNdebele Language _xElementary |
||
| 700 |
_aMpofu,N _eauthor |
||
| 942 |
_2lcc _cBK _h8842.Z3 _iSIB _kPL |
||